Mujeres del siglo XVII entre Europa y Madrid / (Record no. 67113)

MARC details
000 -LEADER
campo de control de longitud fija 00875nam a2200229 i 4500
001 - NÚMERO DE CONTROL
campo de control 67113
003 - IDENTIFICADOR DE NÚMERO DE CONTROL
campo de control ES-MaACL
005 - FECHA Y HORA DE LA ÚLTIMA TRANSACCIÓN
campo de control 20250806062529.0
007 - CAMPO FIJO DE DESCRIPCIÓN FÍSICA--INFORMACIÓN GENERAL
campo de control de longitud fija t|
008 - DATOS DE LONGITUD FIJA--INFORMACIÓN GENERAL
campo de control de longitud fija 040506s1990 sp ||||1| spa d
080 ## - NÚMERO DE LA CLASIFICACIÓN DECIMAL UNIVERSAL
Número de la Clasificación Decimal Universal 929-055.2(460)"17"
100 1# - ENTRADA PRINCIPAL--NOMBRE DE PERSONA
Nombre de persona Barbeito Carneiro, María Isabel.
9 (RLIN) 25400
245 10 - MENCIÓN DEL TÍTULO
Título Mujeres del siglo XVII entre Europa y Madrid /
Mención de responsabilidad, etc. por María Isabel Barbeito Carneiro.
260 ## - PUBLICACIÓN, DISTRIBUCIÓN, ETC.
Lugar de publicación, distribución, etc. Madrid :
Nombre del editor, distribuidor, etc. Ayuntamiento :
-- Instituto de Estudios Madrileños,
Fecha de publicación, distribución, etc. 1990.
300 ## - DESCRIPCIÓN FÍSICA
Extensión 25 p. ;
Dimensiones 21 cm.
490 1# - MENCIÓN DE SERIE
Mención de serie Ciclo de conferencias: Madrid, capital europea de la cultura ;
Designación de volumen o secuencia 2
650 #4 - PUNTO DE ACCESO ADICIONAL DE MATERIA--TÉRMINO DE MATERIA
Término de materia o nombre geográfico como elemento de entrada Mujeres-
Subdivisión geográfica España-
Subdivisión cronológica S.XVII-
Subdivisión general Biografías.
9 (RLIN) 15281
710 2# - ENTRADA AGREGADA--NOMBRE DE ENTIDAD CORPORATIVA
Nombre de entidad corporativa o nombre de jurisdicción como elemento de entrada Instituto de Estudios Madrileños
9 (RLIN) 4916
830 0# - PUNTO DE ACCESO ADICIONAL DE SERIE-TÍTULO UNIFORME
Título uniforme Ciclo de conferencias: Madrid, capital europea de la cultura ;
Designación de volumen o secuencia 2
9 (RLIN) 183110
852 ## - LOCALIZACIÓN
Ubicación ES-MaACL
Número de control de estantería 2173-F-24
Sublocalización o colección R.133747
Holdings
Estatus retirado Estado de pérdida Estado de daño No para préstamo Colección Biblioteca de origen Biblioteca actual Ubicación en estantería Fecha de adquisición Fuente de adquisición Total de préstamos Signatura topográfica completa Código de barras Visto por última vez Precio de reemplazo Tipo de ítem Koha
        Colección de folletos Biblioteca del Ateneo de Madrid Biblioteca del Ateneo de Madrid Depósito folletos 17/01/2008     2173-F-24 1070288 23/02/2023 23/02/2023 Folleto